La teoría de los precios / (Record no. 148082)

MARC details
000 -LEADER
campo de control de longitud fija 00867nam a2200229 4500
001 - NÚMERO DE CONTROL
campo de control 148082
003 - IDENTIFICADOR DE NÚMERO DE CONTROL
campo de control ES-MaACL
005 - FECHA Y HORA DE LA ÚLTIMA TRANSACCIÓN
campo de control 20230906202423.0
007 - CAMPO FIJO DE DESCRIPCIÓN FÍSICA--INFORMACIÓN GENERAL
campo de control de longitud fija t|
008 - DATOS DE LONGITUD FIJA--INFORMACIÓN GENERAL
campo de control de longitud fija 070214s1968 sp r ||||1| spa d
100 1# - ENTRADA PRINCIPAL--NOMBRE DE PERSONA
Nombre de persona Stigler, George J.
9 (RLIN) 108219
245 13 - MENCIÓN DEL TÍTULO
Título La teoría de los precios /
Mención de responsabilidad, etc. George J. Stigler ; introducción y revisión del prof. Juan Hortaláa Arau ; traducción por Julio Segura Sánchez.
250 ## - MENCION DE EDICION
Mención de edición Nueva ed.
260 ## - PUBLICACIÓN, DISTRIBUCIÓN, ETC.
Lugar de publicación, distribución, etc. Madrid :
Nombre del editor, distribuidor, etc. Revista de Derecho Privado,
Fecha de publicación, distribución, etc. [1968]
300 ## - DESCRIPCIÓN FÍSICA
Extensión XLIV, 441 p. :
Otras características físicas il. ;
Dimensiones 23 cm.
490 1# - MENCIÓN DE SERIE
Mención de serie Tratados y Monografías de Economía y Hacienda. Serie E ;
Designación de volumen o secuencia 24
700 1# - ENTRADA AGREGADA--NOMBRE PERSONAL
Nombre de persona Hortaláa i Arau, Joan.
9 (RLIN) 128033
700 1# - ENTRADA AGREGADA--NOMBRE PERSONAL
Nombre de persona Segura, Julio.
9 (RLIN) 105210
830 0# - PUNTO DE ACCESO ADICIONAL DE SERIE-TÍTULO UNIFORME
Título uniforme Tratados y Monografías de Economía y Hacienda. Serie E ;
Designación de volumen o secuencia 24
9 (RLIN) 183603
852 ## - LOCALIZACIÓN
Ubicación ES-MaACL
Número de control de estantería G-5529
Sublocalización o colección R.66410
Holdings
Estatus retirado Estado de pérdida Estado de daño No para préstamo Biblioteca de origen Biblioteca actual Ubicación en estantería Fecha de adquisición Fuente de adquisición Total de préstamos Signatura topográfica completa Código de barras Visto por última vez Precio de reemplazo Tipo de ítem Koha
        Biblioteca del Ateneo de Madrid Biblioteca del Ateneo de Madrid Depósito 2 17/01/2008     G-5529 1154539 23/02/2023 23/02/2023 Libro impreso